00253nam a2200109Ia 4500008004100000100002500041245002100066260002100087650001100108942000700119999001700126190216s9999||||xx |||||||||||||| ||und|| aRamachandran Pilla G 0aVila Paripalanam bM M Publication aBotany cBK c37549d37549